000 00348nam a2200133Ia 4500
008 240624s9999 xx 000 0 und d
041 _aeng
082 _a368 MIS
100 _aNATIONAL INSURANCE ACADEMY
245 _aLIFE INSURANCE PRINCIPLES AND PRACTICE
260 _c2009
_aNew Delhi
_bCengage Learning
300 _a210 : p.
365 _cRS
_b31
999 _c22676
_d22676